[Event "Wiesbaden op 31st"]
[Site "Wiesbaden"]
[Date "2019.08.24"]
[Round "5"]
[White "Scholz, Benedict"]
[Black "Markosyan, Aleksandr"]
[Result "0-1"]
[WhiteElo "1533"]
[BlackElo "1730"]
[PlyCount "81"]
[EventDate "2019.08.22"]
[EventType "swiss"]
[EventRounds "7"]
[EventCountry "GER"]
[SourceTitle "EXT 2020"]
[Source "ChessBase"]
[SourceDate "2019.10.17"]
[SourceVersion "1"]
[SourceVersionDate "2019.10.17"]
[SourceQuality "1"]

1. e4 c5 2. Nf3 g6 3. c4 Bg7 4. d4 cxd4 5. Nxd4 Nc6 6. Be3 Nf6 7. Nc3 d6 8. Be2 Bd7 9. 0-0 Rc8 10. Rc1 a6 11. Qd2 Ne5 12. b3 Neg4 13. Bg5 h6 14. Bh4 g5 15. Bg3 h5 16. h3 h4 17. Bh2 Nxh2 18. Kxh2 g4 19. Qd3 Bh6 20. Rcd1 Bf4+ 21. Kh1 gxh3 22. gxh3 Qa5 23. Rg1 Be5 24. Ra1 Bxd4 25. Qxd4 Bxh3 26. Nd5 Rh6 27. Nxf6+ Rxf6 28. e5 Re6 29. Qxh4 Qxe5 30. Qxh3 Qxe2 31. Rge1 Qxf2 32. Rxe6 fxe6 33. Qxe6 Qh4+ 34. Kg2 Qg5+ 35. Kh2 Rc5 36. Re1 Qh4+ 37. Kg2 Rg5+ 38. Kf1 Qf4+ 39. Ke2 Re5+ 40. Qxe5 Qxe5+ 41. Kd3 0-1

[Event "Dortmund Sparkassen op-B 47th"]
[Site "Dortmund"]
[Date "2019.07.14"]
[Round "2"]
[White "Scholz, Benedict"]
[Black "Hoerhager Celjo, Dino"]
[Result "0-1"]
[WhiteElo "1581"]
[BlackElo "1415"]
[PlyCount "46"]
[EventDate "2019.07.13"]
[EventType "swiss"]
[EventRounds "9"]
[EventCountry "GER"]
[SourceTitle "CBM 192 Extra"]
[Source "Chessbase"]
[SourceDate "2019.11.06"]
[SourceVersion "1"]
[SourceVersionDate "2019.11.06"]
[SourceQuality "1"]

1. e4 c5 2. Nf3 e6 3. d4 cxd4 4. Nxd4 Nf6 5. Nc3 Bb4 6. Bd3 d5 7. e5 Nfd7 8. f4 Qb6 9. Be3 Nc6 10. Nf5 d4 11. Nxd4 Nxd4 12. Be4 Nxc2+ 13. Qxc2 Qxe3+ 14. Kd1 Qxf4 15. Nb5 0-0 16. Bxh7+ Kh8 17. Bd3 Nxe5 18. Rf1 Qg4+ 19. Be2 Qxg2 20. Rf4 Rd8+ 21. Nd4 Rxd4+ 22. Rxd4 Qg1+ 23. Bf1 Qxf1# 0-1